تارىخ اسلام ## Tārīkh-i Islām / (Record no. 80331)
[ view plain ]
| 000 -LEADER | |
|---|---|
| fixed length control field | 01010cam a2200301 a 4500 |
| 001 - CONTROL NUMBER | |
| control field | 80331 |
| 003 - CONTROL NUMBER IDENTIFIER | |
| rucl marc code | BD-RjUL |
| 005 - DATE AND TIME OF LATEST TRANSACTION | |
| control field | 20220912142329.0 |
| 008 - FIXED-LENGTH DATA ELEMENTS--GENERAL INFORMATION | |
| fixed length control field | 220909s1962 pk b 000 0 ur |
| 035 ## - SYSTEM CONTROL NUMBER | |
| System control number | (BD-RjUL)80331 |
| 040 ## - CATALOGING SOURCE | |
| Original cataloging agency | EYM |
| Transcribing agency | EYM |
| Modifying agency | YUS |
| -- | DLC |
| Language of cataloging | eng |
| 041 ## - LANGUAGE CODE | |
| Language code of text/sound track or separate title | urd |
| 082 ## - DEWEY DECIMAL CLASSIFICATION NUMBER | |
| Edition number | 23 |
| Classification number | 297.09 |
| Author mark and year | NAT 1962 |
| 100 1# - MAIN ENTRY--PERSONAL NAME | |
| Personal name | Nadvi, Shah Muinuddin Ahmad |
| 9 (RLIN) | 4723 |
| 245 10 - TITLE STATEMENT | |
| Title | تارىخ اسلام ## Tārīkh-i Islām / |
| Statement of responsibility, etc. | Shah Moinuddin Ahmad Nadwi ## شاه معين الدين احمد ندوي |
| 246 30 - VARYING FORM OF TITLE | |
| Title proper/short title | تاريخ اسلام خلافة عباسيه |
| Title proper/short title | History of Islam |
| Remainder of title | from the Aul Abbus Safa to Abu ishaq |
| 250 ## - EDITION STATEMENT | |
| Edition statement | Chāp-i 3 |
| 260 ## - PUBLICATION, DISTRIBUTION, ETC. (IMPRINT) | |
| Place of publication, distribution, etc. | Pakista : |
| Name of publisher, distributor, etc. | Muaref press, |
| Date of publication, distribution, etc. | 1962 |
| 300 ## - PHYSICAL DESCRIPTION | |
| Pagination | v. ;. ; |
| Size | 23 cm |
| 490 ## - SERIES STATEMENT | |
| Series statement | Silsila- - i - dar al Musannifin ; |
| Volume/sequential designation | no. 67 |
| 504 ## - BIBLIOGRAPHY, ETC. NOTE | |
| Bibliography, etc | Includes bibliographical references |
| 505 ## - FORMATTED CONTENTS NOTE | |
| Formatted contents note | Vol. 1. Khilafat - I- Abbus.-- |
| 650 #0 - SUBJECT ADDED ENTRY--TOPICAL TERM | |
| Topical term or geographic name as entry element | Islam |
| General subdivision | History. |
| 651 #0 - SUBJECT ADDED ENTRY--GEOGRAPHIC NAME | |
| General subdivision | History |
| 942 ## - ADDED ENTRY ELEMENTS (KOHA) | |
| Source of classification or shelving scheme | Dewey Decimal Classification |
| Koha item type | Books |
| Lost status | Source of classification or shelving scheme | Damaged status | Not for loan | Collection code | Permanent Location | Current Location | Shelving location | Date acquired | Source of acquisition | Cost, normal purchase price | Total Checkouts | Full call number | Date last seen | Copy number | Koha item type |
|---|---|---|---|---|---|---|---|---|---|---|---|---|---|---|---|
| Dewey Decimal Classification | Not For Loan | Non-fiction | Central Library, University of Rajshahi | Central Library, University of Rajshahi | Reading Room | 21/03/1964 | Urdu Library, Rajshahi | 9.63 | U 297.09 NAT V-1 1962 | 12/09/2022 | C-1 | Books |